[Event "Mersin op 7th"]
[Site "Mersin"]
[Date "2023.11.14"]
[Round "4"]
[White "Dogan, Nazmi Can"]
[Black "Gurbanov, Ismayil"]
[Result "1/2-1/2"]
[WhiteElo "2277"]
[BlackElo "2107"]
[PlyCount "82"]
[EventDate "2023.11.12"]
[EventType "swiss"]
[EventRounds "9"]
[EventCountry "TUR"]
[SourceTitle "CB47_2023"]
[SourceDate "2023.11.22"]
[SourceVersion "1"]
[SourceVersionDate "2023.11.22"]
[SourceQuality "1"]

1. d4 Nf6 2. Nf3 e6 3. Bf4 c5 4. c3 d5 5. e3 Bd6 6. Nbd2 Bxf4 7. exf4 cxd4 8. Nxd4 0-0 9. N2f3 Nbd7 10. Be2 Qc7 11. Qc1 a6 12. 0-0 b5 13. a4 bxa4 14. Rxa4 Ne4 15. g3 Rb8 16. Ra3 Ndc5 17. Qa1 Rb6 18. Rc1 Qd6 19. Qa2 Nd7 20. Ra1 Qb8 21. b4 a5 22. b5 a4 23. c4 Bb7 24. cxd5 Bxd5 25. Bc4 Bb7 26. Re3 Ndc5 27. Ne5 Rd6 28. Nec6 Bxc6 29. Nxc6 Qb6 30. Rc1 Nd2 31. Qa3 Ra8 32. Be2 Nde4 33. Bf3 Rd2 34. Bxe4 Nxe4 35. Ne7+ Kh8 36. Nc8 Qd8 37. Rxe4 Rd1+ 38. Rxd1 Qxd1+ 39. Kg2 Rxc8 40. Qxa4 Qd5 41. b6 f5 1/2-1/2

[Event "Mersin op 5th"]
[Site "Mersin"]
[Date "2021.11.18"]
[Round "4"]
[White "Ozdemir, Serhan Berat"]
[Black "Dogan, Nazmi Can"]
[Result "0-1"]
[WhiteElo "2111"]
[BlackElo "2282"]
[PlyCount "66"]
[EventDate "2021.11.16"]
[EventType "swiss"]
[EventRounds "9"]
[EventCountry "TUR"]
[SourceTitle "CBM 205 Extra"]
[Source "ChessBase"]
[SourceDate "2022.01.31"]
[SourceVersion "1"]
[SourceVersionDate "2022.01.31"]
[SourceQuality "1"]

1. e4 c5 2. Nf3 Nc6 3. Bb5 e5 4. 0-0 Bd6 5. Bxc6 dxc6 6. h3 Ne7 7. d3 Ng6 8. Nbd2 f6 9. Nc4 Bc7 10. a4 a5 11. b3 Be6 12. Ne3 Qd7 13. Nh2 0-0-0 14. Nc4 Nf4 15. Be3 b6 16. Qf3 h5 17. Bxf4 exf4 18. e5 fxe5 19. Rfe1 Bd5 20. Qd1 Qf5 21. Nf3 e4 22. dxe4 Bxe4 23. Qe2 Bxc2 24. Nce5 Kb7 25. b4 cxb4 26. Qc4 c5 27. Nh4 Rd4 28. Qb5 Qf6 29. Nhf3 Rdd8 30. Nc4 Bd3 31. Nxa5+ Kb8 32. Nc6+ Ka8 33. Nxd8 Rxd8 0-1

[Event "Titled Tuesday intern op 15st Dec"]
[Site "Chess.com INT"]
[Date "2020.12.15"]
[Round "2"]
[White "Dogan, Nazmi Can"]
[Black "Bruned, Yvalin"]
[Result "1-0"]
[WhiteElo "2282"]
[BlackElo "2286"]
[PlyCount "71"]
[EventDate "2020.12.15"]
[EventType "swiss (blitz)"]
[EventRounds "11"]
[EventCountry "USA"]
[SourceTitle "CBM 199 Extra"]
[Source "ChessBase"]
[SourceDate "2021.01.31"]
[SourceVersion "1"]
[SourceVersionDate "2021.01.31"]
[SourceQuality "1"]

1. d4 Nf6 2. Nf3 e6 3. Bf4 b6 4. e3 Bb7 5. Bd3 Be7 6. h3 0-0 7. 0-0 d5 8. Nbd2 c5 9. c3 Ba6 10. Bxa6 Nxa6 11. Ne5 Nb8 12. a4 a6 13. Qb1 Nfd7 14. Ndf3 f6 15. Nxd7 Qxd7 16. e4 Nc6 17. exd5 exd5 18. Qd1 c4 19. Re1 Rfe8 20. Nd2 Bf8 21. Qf3 Qf5 22. g4 Qd7 23. Nf1 Ne7 24. Bg3 Ng6 25. Ne3 Ne7 26. h4 Rad8 27. h5 h6 28. Ng2 f5 29. Ne3 fxg4 30. Nxg4 Nf5 31. Ne5 Qc8 32. Ng6 Ne7 33. Bh4 Nxg6 34. Bxd8 Qxd8 35. hxg6 Bd6 36. Qf7+ 1-0

[Event "Mersin op 4th"]
[Site "Mersin"]
[Date "2019.11.17"]
[Round "2"]
[White "Dogan, Nazmi Can"]
[Black "Annaberdiev, Meilis"]
[Result "0-1"]
[WhiteElo "2293"]
[BlackElo "2515"]
[PlyCount "111"]
[EventDate "2019.11.16"]
[EventType "swiss"]
[EventRounds "9"]
[EventCountry "TUR"]
[SourceTitle "CBM 193 Extra"]
[Source "ChessBase"]
[SourceDate "2020.01.31"]
[SourceVersion "1"]
[SourceVersionDate "2020.01.31"]
[SourceQuality "1"]

1. d4 d5 2. c4 dxc4 3. Nf3 Nf6 4. e3 Bg4 5. Bxc4 e6 6. h3 Bh5 7. Nc3 a6 8. g4 Bg6 9. Ne5 c5 10. Bf1 Nbd7 11. Nxg6 hxg6 12. Bg2 cxd4 13. exd4 Qc7 14. 0-0 Bd6 15. d5 e5 16. Be3 Rd8 17. Rc1 Qb8 18. Re1 0-0 19. g5 Ne8 20. Ne4 Bb4 21. Re2 Nd6 22. Qb3 Nxe4 23. Qxb4 Nd6 24. Rec2 Rc8 25. Rxc8 Rxc8 26. Rxc8+ Nxc8 27. h4 Nd6 28. Bh3 Qc7 29. Qc3 Qd8 30. f4 Nb6 31. fxe5 Nxd5 32. Qd3 Nf5 33. Bf2 Qd7 34. Bg2 Nfe7 35. Bc5 Qc8 36. Qd4 Nf4 37. Qxf4 Qxc5+ 38. Kh2 Qc7 39. Be4 Qc4 40. e6 fxe6 41. b3 Qe2+ 42. Kh3 b5 43. Qe5 Qf1+ 44. Bg2 Qd3+ 45. Kh2 Qd7 46. Bh3 Nf5 47. Bxf5 exf5 48. Qf4 Kh7 49. Kg2 Qd1 50. Qf2 a5 51. Qc5 Qe2+ 52. Kg1 a4 53. bxa4 bxa4 54. a3 Qg4+ 55. Kf1 Qxh4 56. Qe5 0-1

[Event "Cesme op-A 7th"]
[Site "Cesme"]
[Date "2019.06.27"]
[Round "6"]
[White "Dogan, Nazmi Can"]
[Black "Lavrov, Maxim"]
[Result "1-0"]
[WhiteElo "2276"]
[BlackElo "2401"]
[PlyCount "259"]
[EventDate "2019.06.24"]
[EventType "swiss"]
[EventRounds "9"]
[EventCountry "TUR"]
[SourceTitle "CBM 191 Extra"]
[Source "ChessBase"]
[SourceDate "2019.09.30"]
[SourceVersion "1"]
[SourceVersionDate "2019.09.30"]
[SourceQuality "1"]

1. d4 Nf6 2. c4 g6 3. Nc3 Bg7 4. e4 d6 5. Nf3 0-0 6. Be2 e5 7. dxe5 dxe5 8. Qxd8 Rxd8 9. Bg5 Re8 10. Nd5 Nxd5 11. cxd5 c6 12. Bc4 b5 13. Bb3 Bb7 14. Rc1 a5 15. a4 bxa4 16. Bxa4 Rc8 17. 0-0 f6 18. Bb3 Kh8 19. Be3 a4 20. Ba2 Na6 21. d6 c5 22. Be6 Rd8 23. d7 Bxe4 24. Bxc5 Nc7 25. Bh3 Nd5 26. Rfd1 Nf4 27. Bb6 Ne2+ 28. Kh1 Nxc1 29. Bxd8 Rxd8 30. Rxc1 Bf8 31. Nd2 Bd5 32. Nc4 Kg7 33. Nb6 Bb3 34. g3 Be7 35. Rc8 f5 36. Bf1 Kf6 37. Bb5 Ke6 38. Kg1 e4 39. Nxa4 Bd5 40. Nb6 Bb7 41. Rc7 Rb8 42. Rc8 Bxc8 43. dxc8Q+ Rxc8 44. Nxc8 Bc5 45. Kf1 Ke5 46. Ke2 g5 47. Be8 f4 48. Bh5 h6 49. b4 Bxb4 50. Nb6 Kd4 51. Nd7 Bd6 52. Nf6 Be5 53. Ng8 Bg7 54. Ne7 Bf8 55. Nf5+ Ke5 56. g4 Kd5 57. Be8 Ke5 58. h3 Kd5 59. f3 exf3+ 60. Kxf3 Ke5 61. h4 gxh4 62. Nxh4 Kf6 63. Ng2 Bd6 64. Nxf4 Kg5 65. Ne6+ Kf6 66. Nd4 Be5 67. Ke4 Bb8 68. Nf5 Kg5 69. Bh5 Bc7 70. Kd5 Bb6 71. Ke6 Ba5 72. Kf7 Bc3 73. Kg8 Bb4 74. Kg7 Bc3+ 75. Kh7 Kf6 76. Nxh6 Bd2 77. Nf5 Ke5 78. Kg6 Bc1 79. Ng3 Bf4 80. Ne2 Be3 81. Kf7 Bg5 82. Bg6 Be3 83. Bd3 Bd2 84. Kg6 Be3 85. Kh5 Kd5 86. Kh4 Ke5 87. Kg3 Bd2 88. Ng1 Bf4+ 89. Kh4 Kf6 90. Nf3 Ke6 91. Be4 Kf6 92. Bf5 Be3 93. Kg3 Bc1 94. Kf2 Bf4 95. Ke2 Bh6 96. Nd2 Ke5 97. Nf3+ Kf6 98. Kd3 Bf4 99. Ke4 Bh6 100. Kd5 Bf4 101. Nd4 Be3 102. Ne2 Bd2 103. Ng3 Bc1 104. Ne4+ Ke7 105. Bg6 Bf4 106. Bh5 Bh6 107. Ke5 Be3 108. Ng3 Bc1 109. Nf5+ Kf8 110. Kf6 Bb2+ 111. Kg6 Bc1 112. g5 Bd2 113. Kf6 Bxg5+ 114. Kxg5 Kg8 115. Bg6 Kh8 116. Kf6 Kg8 117. Nd6 Kh8 118. Nf7+ Kg8 119. Bf5 Kf8 120. Bh7 Ke8 121. Ne5 Kd8 122. Be4 Kc7 123. Nc4 Kd7 124. Kf7 Kd8 125. Bc6 Kc7 126. Bb5 Kd8 127. Be8 Kc8 128. Ke7 Kb7 129. Kd8 Kb8 130. Bc6 1-0

[Event "Cesme op-A 7th"]
[Site "Cesme"]
[Date "2019.06.26"]
[Round "5"]
[White "Bashirli, Nail Qoshqar"]
[Black "Dogan, Nazmi Can"]
[Result "0-1"]
[WhiteElo "2367"]
[BlackElo "2276"]
[PlyCount "164"]
[EventDate "2019.06.24"]
[EventType "swiss"]
[EventRounds "9"]
[EventCountry "TUR"]
[SourceTitle "CBM 191 Extra"]
[Source "ChessBase"]
[SourceDate "2019.09.30"]
[SourceVersion "1"]
[SourceVersionDate "2019.09.30"]
[SourceQuality "1"]

1. e4 g6 2. d4 Nf6 3. e5 Nh5 4. Be2 d6 5. Nf3 Nc6 6. 0-0 Bg7 7. exd6 exd6 8. d5 Ne7 9. h3 0-0 10. c4 Nf6 11. Nc3 Nd7 12. Re1 Nc5 13. Bf1 h6 14. Bf4 g5 15. Be3 Nf5 16. Bxc5 dxc5 17. Bd3 Nd6 18. Qd2 Qf6 19. Qe3 b6 20. Qe7 Ba6 21. Qxc7 Bxc4 22. Rad1 Rfc8 23. Qd7 Bxd3 24. Rxd3 Qf5 25. Qxf5 Nxf5 26. d6 Rd8 27. Red1 Nd4 28. Nxd4 Bxd4 29. Nb5 Bxb2 30. d7 Kf8 31. Rf3 Be5 32. Rd5 a6 33. Na3 Bd4 34. Nc4 Rab8 35. Rd6 Ke7 36. Rxh6 f6 37. Ne3 Kxd7 38. Nd5 Kc6 39. Ne7+ Kb7 40. Nf5 Be5 41. g3 c4 42. Rh7+ Kc6 43. Ne3 c3 44. Re7 Rd2 45. Nc4 Rd1+ 46. Kg2 Bd4 47. Ne3 Rd2 48. Re4 Rd8 49. Re6+ Kc7 50. Re7+ Kc8 51. Re6 Rxa2 52. h4 gxh4 53. gxh4 b5 54. Nf5 Be5 55. Rc6+ Kb7 56. Rc5 Kb6 57. Rcxc3 Bxc3 58. Rxc3 b4 59. Rf3 Ra3 60. Ne3 Rad3 61. Rxf6+ Kb5 62. Rf5+ Ka4 63. Nc4 R3d4 64. Ra5+ Kb3 65. Ne3 Rxh4 66. Rxa6 Rf4 67. Kg3 Rdf8 68. Nd1 Rf3+ 69. Kg2 Rd3 70. Ne3 Rd2 71. Ng4 Kb2 72. Kg3 Rd3+ 73. Kg2 b3 74. Kf1 Rd2 75. Ke1 Rc2 76. Ne3 Re8 77. Kf1 Rc1+ 78. Ke2 Kb1 79. Ra3 b2 80. Ra5 Rc6 81. Rd5 Ra6 82. Rb5 Ka2 0-1

[Event "Ordu op 5th"]
[Site "Ordu"]
[Date "2019.05.04"]
[Round "8"]
[White "Pacher, Milan"]
[Black "Dogan, Nazmi Can"]
[Result "1-0"]
[WhiteElo "2391"]
[BlackElo "2214"]
[PlyCount "149"]
[EventDate "2019.04.29"]
[EventType "swiss"]
[EventRounds "9"]
[EventCountry "TUR"]
[SourceTitle "CBM 190 Extra"]
[Source "ChessBase"]
[SourceDate "2019.07.15"]
[SourceVersion "1"]
[SourceVersionDate "2019.07.15"]
[SourceQuality "1"]

1. e4 e5 2. Nf3 Nc6 3. Bb5 a6 4. Ba4 Nf6 5. 0-0 Bc5 6. d3 d6 7. c3 Ba7 8. Nbd2 0-0 9. h3 Ne7 10. Re1 Ng6 11. Nf1 d5 12. Bg5 dxe4 13. dxe4 Qxd1 14. Raxd1 Be6 15. Bb3 Bxb3 16. axb3 Ne8 17. Be3 Bxe3 18. Nxe3 f6 19. Nd2 Nd6 20. Nec4 Nxc4 21. Nxc4 a5 22. Rd7 Rfc8 23. Red1 Nf8 24. R7d5 b6 25. Ne3 a4 26. b4 a3 27. bxa3 Rxa3 28. c4 Rca8 29. c5 bxc5 30. Rxc5 Ra1 31. Rxa1 Rxa1+ 32. Kh2 Ne6 33. Rc6 Kf7 34. Nd5 Ra7 35. h4 h5 36. g3 Rb7 37. f4 exf4 38. gxf4 g6 39. f5 gxf5 40. exf5 Nd4 41. Rxf6+ Kg7 42. Rg6+ Kf7 43. Rh6 Rb5 44. Rh7+ Kg8 45. Nf6+ Kf8 46. Nd7+ Kg8 47. Nf6+ Kf8 48. Rxc7 Rxf5 49. Nh7+ Kg8 50. Ng5 Rb5 51. Rc8+ Kg7 52. Rc4 Nf5 53. Ne6+ Kf6 54. Nd4 Rd5 55. Nxf5 Kxf5 56. Kg3 Rd3+ 57. Kf2 Rb3 58. Ke2 Ke5 59. Kd2 Kd5 60. Rf4 Ke5 61. Kc2 Rh3 62. Rc4 Kd5 63. Rc5+ Kd4 64. Rxh5 Kc4 65. b5 Rh2+ 66. Kd1 Kd3 67. Ke1 Ke3 68. Kf1 Kf3 69. Rf5+ Kg4 70. Rf8 Rb2 71. Rb8 Kf3 72. Ke1 Ke3 73. Kd1 Kd3 74. Kc1 Rb4 75. b6 1-0

[Event "Ordu op 5th"]
[Site "Ordu"]
[Date "2019.05.01"]
[Round "4"]
[White "Sibashvili, Giorgi"]
[Black "Dogan, Nazmi Can"]
[Result "0-1"]
[WhiteElo "2398"]
[BlackElo "2214"]
[PlyCount "100"]
[EventDate "2019.04.29"]
[EventType "swiss"]
[EventRounds "9"]
[EventCountry "TUR"]
[SourceTitle "CBM 190 Extra"]
[Source "ChessBase"]
[SourceDate "2019.07.15"]
[SourceVersion "1"]
[SourceVersionDate "2019.07.15"]
[SourceQuality "1"]

1. d4 Nf6 2. c4 g6 3. Nc3 d5 4. cxd5 Nxd5 5. e4 Nxc3 6. bxc3 Bg7 7. Be3 c5 8. Rc1 Qa5 9. Qd2 cxd4 10. cxd4 Qxd2+ 11. Bxd2 0-0 12. Nf3 e6 13. Bb5 Bd7 14. Bxd7 Nxd7 15. Rc7 Nf6 16. e5 Nd5 17. Rxb7 Rfb8 18. Rb3 Rxb3 19. axb3 Rb8 20. Ke2 Rxb3 21. Ra1 Rb7 22. Ne1 Rd7 23. Nd3 Bf8 24. Ra6 Nb6 25. Be3 Rc7 26. Nf4 Rd7 27. Kf3 Be7 28. Ke4 Kf8 29. Bd2 Ke8 30. Ba5 Nc4 31. d5 exd5+ 32. Nxd5 Nxa5 33. Rxa5 Bd8 34. Ra6 Rb7 35. g4 Rb2 36. f4 Re2+ 37. Kd4 Rxh2 38. Rxa7 h5 39. g5 h4 40. Kc5 h3 41. Kd6 Rd2 42. e6 h2 43. exf7+ Kf8 44. Ra1 Kxf7 45. Ke5 Re2+ 46. Kd6 Ba5 47. Rh1 Be1 48. Kc5 Bg3 49. Ra1 Bf2+ 50. Kc4 Bg1 0-1

[Event "Ordu op 5th"]
[Site "Ordu"]
[Date "2019.04.30"]
[Round "3"]
[White "Dogan, Nazmi Can"]
[Black "Kamer, Kayra"]
[Result "1-0"]
[WhiteElo "2214"]
[BlackElo "2379"]
[PlyCount "109"]
[EventDate "2019.04.29"]
[EventType "swiss"]
[EventRounds "9"]
[EventCountry "TUR"]
[SourceTitle "CBM 190 Extra"]
[Source "ChessBase"]
[SourceDate "2019.07.15"]
[SourceVersion "1"]
[SourceVersionDate "2019.07.15"]
[SourceQuality "1"]

1. e4 c5 2. Nf3 e6 3. d4 cxd4 4. Nxd4 a6 5. Bd3 Nf6 6. 0-0 e5 7. Nb3 Nc6 8. c4 d6 9. Nc3 Be6 10. Be3 Ng4 11. Bd2 a5 12. Nd5 a4 13. Nc1 h5 14. Ne2 Be7 15. a3 Nd4 16. h3 Nxe2+ 17. Bxe2 Nf6 18. Nxf6+ gxf6 19. Bxh5 Bxc4 20. Be2 Bb3 21. Bb5+ Kf8 22. Qe2 d5 23. exd5 Qxd5 24. Rac1 Rd8 25. Be3 f5 26. f3 Rh4 27. Bf2 Rh6 28. Rfe1 Re6 29. Bc4 Bxc4 30. Rxc4 b5 31. Rcc1 e4 32. fxe4 fxe4 33. Red1 Qf5 34. Rxd8+ Bxd8 35. Rc5 Re5 36. Qd2 Be7 37. Qh6+ Kg8 38. Rc3 Bg5 39. Rg3 Qg6 40. Qxg6+ fxg6 41. h4 Bc1 42. Bd4 Rd5 43. Rxg6+ Kf7 44. Rg7+ Ke6 45. Bc3 Rf5 46. g4 Rf4 47. h5 e3 48. h6 Bd2 49. Rg8 Bxc3 50. bxc3 Kf7 51. h7 e2 52. Re8 Kxe8 53. h8Q+ Kd7 54. Qh7+ Kd6 55. Qd3+ 1-0

[Event "Ordu op 5th"]
[Site "Ordu"]
[Date "2019.04.30"]
[Round "2"]
[White "Neverov, Valeriy"]
[Black "Dogan, Nazmi Can"]
[Result "1/2-1/2"]
[WhiteElo "2495"]
[BlackElo "2214"]
[PlyCount "123"]
[EventDate "2019.04.29"]
[EventType "swiss"]
[EventRounds "9"]
[EventCountry "TUR"]
[SourceTitle "CBM 190 Extra"]
[Source "ChessBase"]
[SourceDate "2019.07.15"]
[SourceVersion "1"]
[SourceVersionDate "2019.07.15"]
[SourceQuality "1"]

1. d4 Nf6 2. Nf3 g6 3. c4 Bg7 4. g3 0-0 5. Bg2 d6 6. 0-0 c6 7. Nc3 Bf5 8. b3 Ne4 9. Bb2 Nxc3 10. Bxc3 Be4 11. e3 Nd7 12. Qe2 e6 13. Rac1 a5 14. Bh3 Bxf3 15. Qxf3 d5 16. e4 Nf6 17. exd5 exd5 18. Qd3 a4 19. Rfd1 Re8 20. Be1 Qe7 21. Bf1 Qa3 22. Qc2 axb3 23. axb3 h5 24. Rb1 h4 25. Bg2 hxg3 26. hxg3 Re6 27. Bc3 Qd6 28. Re1 Rae8 29. Rxe6 Rxe6 30. Ra1 Qe7 31. Bf3 Ne4 32. cxd5 cxd5 33. Qd3 Rc6 34. Be1 Qe6 35. Bg2 Kh7 36. Rd1 f5 37. f3 Nf6 38. Bf2 Qc8 39. Re1 Rc1 40. Bf1 Rxe1 41. Bxe1 Qc1 42. Bf2 Bf8 43. Kg2 Qc7 44. Qb5 Bd6 45. Bd3 Nh5 46. Qxd5 Bxg3 47. Qc4 Qd6 48. Qc5 Nf4+ 49. Kxg3 Qxc5 50. dxc5 Nxd3 51. f4 Kg8 52. Be3 Kf7 53. Kh4 Nb4 54. Bd2 Nd5 55. b4 Nf6 56. b5 Ne4 57. c6 bxc6 58. bxc6 Ke7 59. Bb4+ Kd8 60. Ba5+ Ke7 61. Bb4+ Kd8 62. Ba5+ 1/2-1/2

[Event "Mersin op 3rd"]
[Site "Mersin"]
[Date "2018.09.12"]
[Round "6"]
[White "Odeev, Handszar"]
[Black "Dogan, Nazmi Can"]
[Result "1-0"]
[WhiteElo "2410"]
[BlackElo "2275"]
[PlyCount "49"]
[EventDate "2018.09.09"]
[EventType "swiss"]
[EventRounds "9"]
[EventCountry "TUR"]
[SourceTitle "CBM 186 Extra"]
[Source "ChessBase"]
[SourceDate "2018.08.24"]
[SourceVersion "1"]
[SourceVersionDate "2018.08.24"]
[SourceQuality "1"]

1. e4 e5 2. Nf3 Nc6 3. Bc4 Nf6 4. d4 exd4 5. e5 d5 6. Bb5 Nd7 7. 0-0 Be7 8. Re1 0-0 9. Bxc6 bxc6 10. Nxd4 Nb8 11. Nc3 c5 12. Nde2 d4 13. Ne4 Qd5 14. Nf4 Qxe5 15. Nf6+ Qxf6 16. Nd5 Qd6 17. Nxe7+ Kh8 18. Qf3 c6 19. Bf4 Qd7 20. Qh5 Na6 21. h3 Nc7 22. Re5 f5 23. Ng6+ Kg8 24. Nxf8 Kxf8 25. Rae1 1-0

[Event "Mersin op 3rd"]
[Site "Mersin"]
[Date "2018.09.10"]
[Round "2"]
[White "Tarlev, Konstantin"]
[Black "Dogan, Nazmi Can"]
[Result "1-0"]
[WhiteElo "2564"]
[BlackElo "2275"]
[PlyCount "68"]
[EventDate "2018.09.09"]
[EventType "swiss"]
[EventRounds "9"]
[EventCountry "TUR"]
[SourceTitle "CBM 186 Extra"]
[Source "ChessBase"]
[SourceDate "2018.08.24"]
[SourceVersion "1"]
[SourceVersionDate "2018.08.24"]
[SourceQuality "1"]

1. d4 Nf6 2. c4 e6 3. Nc3 Bb4 4. e3 0-0 5. Bd3 d5 6. Nf3 dxc4 7. Bxc4 c5 8. 0-0 cxd4 9. exd4 b6 10. Bg5 Bb7 11. Qe2 Be7 12. Rad1 Nbd7 13. Rfe1 Re8 14. Ne5 Nxe5 15. dxe5 Nd5 16. Bxd5 exd5 17. Bxe7 Rxe7 18. Qd2 Rd7 19. Nb5 Qf8 20. Nd4 Re8 21. f4 g6 22. Re3 a6 23. Rb3 b5 24. Rc1 Rc8 25. Re1 Rc4 26. Rd3 Rc8 27. f5 gxf5 28. Qg5+ Kh8 29. Rg3 f6 30. exf6 Qc5 31. Qf4 Rf7 32. Rg7 Rxg7 33. fxg7+ Kg8 34. Kh1 Qc7 1-0

[Event "TUR-chT 1st League"]
[Site "Konya"]
[Date "2018.07.18"]
[Round "4.2"]
[White "Uzunoglu, Efe Kerem"]
[Black "Dogan, Nazmi Can"]
[Result "1/2-1/2"]
[WhiteElo "2114"]
[BlackElo "2272"]
[PlyCount "101"]
[EventDate "2018.07.16"]
[EventType "team-swiss"]
[EventRounds "9"]
[EventCountry "TUR"]
[SourceTitle "EXT 2019"]
[Source "ChessBase"]
[SourceDate "2018.10.10"]
[SourceVersion "1"]
[SourceVersionDate "2018.10.10"]
[SourceQuality "1"]
[WhiteTeam "Denizli Metin Surmeli"]
[BlackTeam "Sertel Genclik"]
[WhiteTeamCountry "TUR"]
[BlackTeamCountry "TUR"]

1. d4 Nf6 2. c4 e6 3. Nf3 b6 4. g3 Ba6 5. Qa4 Bb7 6. Bg2 c5 7. 0-0 cxd4 8. Nxd4 Bxg2 9. Kxg2 Be7 10. Nc3 0-0 11. Bg5 Qc8 12. Rfd1 Qb7+ 13. Kg1 a6 14. Rd3 d6 15. Rad1 Rc8 16. Bxf6 Bxf6 17. Nf3 Be7 18. Nd2 Nd7 19. Nde4 b5 20. Qc2 Rxc4 21. Nxd6 Bxd6 22. Rxd6 Nf8 23. Qd3 Rac8 24. a3 b4 25. axb4 Rxb4 26. Qxa6 Qxa6 27. Rxa6 Rxb2 28. Ra2 Rxa2 29. Nxa2 Rc2 30. Nc1 g5 31. Kf1 Ng6 32. Nd3 Kg7 33. Rc1 Rxc1+ 34. Nxc1 Kf6 35. Nd3 Ne7 36. f3 h5 37. Kf2 Nc6 38. e4 e5 39. Ke3 Kg6 40. h3 f6 41. Nc5 Nb4 42. Nd3 Nc2+ 43. Kf2 Nd4 44. f4 exf4 45. gxf4 gxf4 46. Nxf4+ Kg5 47. Ng2 Ne6 48. Kg3 Nc5 49. h4+ Kg6 50. Nf4+ Kh6 51. Kf3 1/2-1/2

[Event "TUR-chT 1st League"]
[Site "Konya"]
[Date "2018.07.17"]
[Round "2.4"]
[White "Can, Melih Kaan"]
[Black "Dogan, Nazmi Can"]
[Result "1-0"]
[WhiteElo "2170"]
[BlackElo "2272"]
[PlyCount "130"]
[EventDate "2018.07.16"]
[EventType "team-swiss"]
[EventRounds "9"]
[EventCountry "TUR"]
[SourceTitle "EXT 2019"]
[Source "ChessBase"]
[SourceDate "2018.10.10"]
[SourceVersion "1"]
[SourceVersionDate "2018.10.10"]
[SourceQuality "1"]
[WhiteTeam "DCM Pamukkale Universiteli"]
[BlackTeam "Sertel Genclik"]
[WhiteTeamCountry "TUR"]
[BlackTeamCountry "TUR"]

1. e4 c6 2. d4 d5 3. e5 c5 4. dxc5 e6 5. Nf3 Bxc5 6. Bd3 Ne7 7. 0-0 Nbc6 8. a3 Ng6 9. b4 Bb6 10. Re1 a5 11. b5 Nd4 12. Bb2 Nxf3+ 13. Qxf3 Bd7 14. a4 Rc8 15. Qg3 Qh4 16. Nd2 Qxg3 17. hxg3 0-0 18. c4 f6 19. exf6 gxf6 20. cxd5 exd5 21. Nf3 Bc5 22. Rac1 Ne5 23. Nxe5 fxe5 24. Rxe5 Bxf2+ 25. Kh2 Rxc1 26. Bxc1 b6 27. Rxd5 Be6 28. Rd6 Kf7 29. Rc6 Rc8 30. Bf4 h5 31. Be2 Ke7 32. Be5 Rg8 33. Bf4 Rc8 34. Rxc8 Bxc8 35. Bxh5 Be6 36. Bd1 Bd5 37. g4 Be4 38. Bb3 Kf6 39. Kh3 Kg6 40. Bg3 Be3 41. Bc7 Kg7 42. Kg3 Kf6 43. Bf4 Bc5 44. Bd1 Bd4 45. Bc7 Kg6 46. Kf4 Bxg2 47. Be5 Bg1 48. Bc2+ Kf7 49. Bb3+ Kg6 50. Bc2+ Kf7 51. Kf5 Bh3 52. Bb3+ Kf8 53. Bd5 Bc5 54. Bf3 Kf7 55. Bd5+ Kf8 56. Kf4 Bf1 57. g5 Bd3 58. Be4 Bc4 59. Bc2 Be6 60. Ke4 Kf7 61. Bd1 Kg6 62. Kf4 Bg1 63. Bc2+ Kf7 64. g6+ Kg8 65. Ke4 Bh3 1-0

[Event "TUR-chT 1st League"]
[Site "Konya"]
[Date "2018.07.16"]
[Round "1.4"]
[White "Dogan, Nazmi Can"]
[Black "Buker, Muhittin"]
[Result "1-0"]
[WhiteElo "2272"]
[BlackElo "1940"]
[PlyCount "151"]
[EventDate "2018.07.16"]
[EventType "team-swiss"]
[EventRounds "9"]
[EventCountry "TUR"]
[SourceTitle "EXT 2019"]
[Source "ChessBase"]
[SourceDate "2018.10.10"]
[SourceVersion "1"]
[SourceVersionDate "2018.10.10"]
[SourceQuality "1"]
[WhiteTeam "Sertel Genclik"]
[BlackTeam "Dogukisla Genclik Spor"]
[WhiteTeamCountry "TUR"]
[BlackTeamCountry "TUN"]

1. d4 Nf6 2. Nf3 d5 3. Bf4 Bf5 4. c4 e6 5. Nc3 Bd6 6. Bg5 0-0 7. cxd5 exd5 8. Nxd5 Nbd7 9. e3 h6 10. Bxf6 Nxf6 11. Nc3 c5 12. Be2 Qb6 13. Qb3 Qxb3 14. axb3 a6 15. Rc1 Rac8 16. 0-0 Rfd8 17. Rfd1 cxd4 18. Nxd4 Bg6 19. Bf3 Rc7 20. Nde2 Rcd7 21. g3 Be5 22. Rxd7 Rxd7 23. Rd1 Rxd1+ 24. Nxd1 Bc2 25. Ndc3 b6 26. b4 Bd6 27. Nd4 Bd3 28. b5 axb5 29. Ndxb5 Be5 30. Nd4 Kf8 31. Be2 Be4 32. f3 Bb7 33. Kf2 Nd5 34. f4 Bf6 35. Bf3 Nxc3 36. bxc3 Ba6 37. e4 Be7 38. Be2 Bb7 39. Ke3 Bc5 40. Bc4 Ke7 41. Kd3 Bc8 42. Bd5 Bh3 43. e5 Bf1+ 44. Kd2 Bh3 45. Bf3 Bf1 46. Nf5+ Kf8 47. Be2 Bh3 48. Nd4 Bc8 49. g4 Bb7 50. h4 g6 51. f5 Bc8 52. f6 g5 53. hxg5 hxg5 54. Ke3 Bb7 55. Bf3 Bc8 56. Kd3 Ba6+ 57. Kd2 Bc8 58. Be2 Bb7 59. Bd3 Bc8 60. Be2 Bb7 61. Bc4 Bc8 62. Nf3 Bxg4 63. Nxg5 Bh5 64. Bd5 Bg6 65. Be4 Bh5 66. Bd5 Bg6 67. e6 fxe6 68. Nxe6+ Ke8 69. Nxc5 bxc5 70. Ke3 Kd7 71. Kf4 Bc2 72. Kg5 Ke8 73. Be6 Bd3 74. c4 Bc2 75. Kf4 Kd8 76. Ke5 1-0

[Event "Mersin op 2nd"]
[Site "Mersin"]
[Date "2017.10.23"]
[Round "2"]
[White "Baltag, Iulian"]
[Black "Dogan, Nazmi Can"]
[Result "1/2-1/2"]
[WhiteElo "2397"]
[BlackElo "2231"]
[PlyCount "49"]
[EventDate "2017.10.22"]
[EventType "swiss"]
[EventRounds "9"]
[EventCountry "TUR"]
[SourceTitle "CBM 181 Extra"]
[Source "ChessBase"]
[SourceDate "2017.12.12"]
[SourceVersion "1"]
[SourceVersionDate "2017.12.12"]
[SourceQuality "1"]

1. d4 Nf6 2. c4 g6 3. Nc3 Bg7 4. e4 d6 5. Nf3 0-0 6. h3 e5 7. d5 a5 8. g4 Na6 9. Be3 Nd7 10. Rg1 Ndc5 11. a3 Bd7 12. g5 a4 13. Nd2 f5 14. f3 c6 15. Qc2 Qa5 16. 0-0-0 Nc7 17. h4 cxd5 18. cxd5 b5 19. h5 Rf7 20. Kb1 N7a6 21. Rh1 Rb8 22. hxg6 hxg6 23. Rc1 Qd8 24. Na2 f4 25. Bf2 1/2-1/2

[Event "Veliko Gradiste Silver Lake op-A"]
[Site "Veliko Gradiste"]
[Date "2017.06.21"]
[Round "5"]
[White "Dogan, Nazmi Can"]
[Black "Koksal, Ege"]
[Result "1/2-1/2"]
[WhiteElo "2211"]
[BlackElo "2405"]
[PlyCount "22"]
[EventDate "2017.06.18"]
[EventType "swiss"]
[EventRounds "9"]
[EventCountry "SRB"]
[SourceTitle "CBM 179 Extra"]
[Source "ChessBase"]
[SourceDate "2017.08.23"]
[SourceVersion "1"]
[SourceVersionDate "2017.08.23"]
[SourceQuality "1"]

1. e4 c6 2. d4 d5 3. exd5 cxd5 4. Bd3 Nf6 5. c3 Nc6 6. Bf4 Bg4 7. Qb3 Na5 8. Qa4+ Bd7 9. Qc2 e6 10. Nd2 Qb6 11. a4 Bd6 1/2-1/2